Spock Quiz Stats

 Plays Quiz not verified by Sporcle

Support Sporcle.
Go Orange.
Score 0/20 Timer 06:00
0 Plays Today
Question Answer % Correct
Spock is a hybrid of which two races?Human and Vulcan
97.8%
A comment frequently used by Spock, meaning 'irrational'Illogical
75%
Spock's fatherSarek
65.3%
The Original Series film in which Spock diedThe Wrath of Khan
61%
The game Spock is regularly seen playing on board the EnterpriseThree-dimensional chess
50.6%
The colour of Spock's blood and the metal causing thisGreen, copper
48%
The planet which revitalised Spock's bodyGenesis
47.1%
Spock's dietary preferenceVegetarian
46.8%
Spock's mother (full name)Amanda Grayson
35.1%
Spock's colleague, bearing unrequited loveNurse Chapel
32.1%
Question Answer % Correct
Spock's half brotherSybok
30.1%
Spock's soul, temporarily given to McCoyKatra
29.8%
Spock's former betrothedT'Pring
29.1%
The half-Vulcan officer who helped a re-born Spock through pon farrSaavik
27.5%
Spock's betrothed's preferred partnerStonn
18.4%
Emotion-purging ritual Spock was preparing for at the beginning of The Motion PictureKolinahr
15.4%
Spock's stepmotherPerrin
11.7%
The Romulan Ambassador Spock began negotiations with regarding Vulcan/Romulan unificationPardek
10.3%
Spock's city of birthShi'Kahr
6.6%
The Vulcan maturity test Spock took earlyKahs-wan
4.9%

You're not logged in!

Compare scores with friends on all Sporcle quizzes.
OR
Log In

From the Vault

Nimble Number Logic Puzzle III

by Buckler

You'll have to wake up feeling pretty nimble to solve this puzzle.
Remove Ads.
Support Sporcle.
Get the best of Sporcle when you Go Orange. This ad-free experience offers more features, more stats, and more fun while also helping to support Sporcle. Thank you for becoming a member.

Show Comments

Extras

Top Quizzes Today


Score Distribution

Your Account Isn't Verified!

In order to create a playlist on Sporcle, you need to verify the email address you used during registration. Go to your Sporcle Settings to finish the process.

Report this User

Report this user for behavior that violates our Community Guidelines.

Details: